Every Song by Garbage - Statistics

General Stats
  • This quiz has been taken 20 times
    4 since last reset
  • The average score is 32 of 135
Answer Stats
Album Song % Correct
Garbage(1995) Only Happy When It Rains
100%
Garbage(1995) Stupid Girl
100%
Bleed Like Me(2005) Bleed Like Me
75%
Garbage(1995) Milk
75%
Garbage(Bonus)(2015) #1 Crush
50%
Bleed Like Me(2005) Bad Boyfriend
50%
beautifulgarbage(2001) Cherry Lips (Go Baby Go!)
50%
Strange Little Birds(Bonus)(2016) FWY (Fucking with You)
50%
Let All That We Imagine Be the Light(2025) Have We Met (The Void)
50%
Version 2.0(1998) I Think I'm Paranoid
50%
No Gods No Masters(2021) No Gods No Masters
50%
Not Your Kind of People(2012) Not Your Kind of People
50%
Version 2.0(1998) Push It
50%
Garbage(1995) Queer
50%
Version 2.0(1998) When I Grow Up
50%
Witness to Your Love(2023) Witness to Your Love
50%
Witness to Your Love(2023) Adam and Eve
25%
Absolute Garbage(Bonus)(2007) All the Good in This Life
25%
Strange Little Birds(2016) Amends
25%
beautifulgarbage(2001) Androgyny
25%
No Gods No Masters(2021) Anonymous XXX
25%
Garbage(1995) As Heaven Is Wide
25%
Garbage(1995) A Stroke of Luck
25%
Not Your Kind of People(2012) Automatic Systematic Habit
25%
No Gods No Masters(2021) A Woman Destroyed
25%
Not Your Kind of People(2012) Battle in Me
25%
Not Your Kind of People(2012) Beloved Freak
25%
Lie to Me(2024) Better Not Lie to Me
25%
Not Your Kind of People(2012) Big Bright World
25%
Strange Little Birds(2016) Blackout
25%
Not Your Kind of People(2012) Blood for Poppies
25%
Witness to Your Love(2023) Blue Betty
25%
Bleed Like Me(2005) Boys Wanna Fight
25%
beautifulgarbage(2001) Breaking Up the Girl
25%
Not Your Kind of People(Bonus)(2012) Bright Tonight
25%
beautifulgarbage(2001) Can't Cry These Tears
25%
Let All That We Imagine Be the Light(2025) Chinese Fire Horse
25%
Witness to Your Love(2023) Cities in Dust
25%
Not Your Kind of People(2012) Control
25%
beautifulgarbage(2001) Cup of Coffee
25%
No Gods No Masters(Bonus)(2021) Destroying Angels
25%
Garbage(1995) Dog New Tricks
25%
beautifulgarbage(2001) Drive You Home
25%
Strange Little Birds(2016) Empty
25%
Strange Little Birds(2016) Even Though Our Love Is Doomed
25%
Not Your Kind of People(2012) Felt
25%
Garbage(1995) Fix Me Now
25%
No Gods No Masters(2021) Flipping the Bird
25%
Let All That We Imagine Be the Light(2025) Get Out My Face AKA Bad Kitty
25%
No Gods No Masters(Bonus)(2021) Girls Talk
25%
No Gods No Masters(2021) Godhead
25%
Bleed Like Me(2005) Happy Home
25%
Let All That We Imagine Be the Light(2025) Hold
25%
Strange Little Birds(2016) If I Lost You
25%
Not Your Kind of People(2012) I Hate Love
25%
Bleed Like Me(2005) It's All Over But the Crying
25%
Not Your Kind of People(Bonus)(2012) Love Like Suicide
25%
Let All That We Imagine Be the Light(2025) Love to Give
25%
Strange Little Birds(2016) Magnetized
25%
Not Your Kind of People(2012) Man on a Wire
25%
Bleed Like Me(2005) Metal Heart
25%
Garbage(1995) My Lover's Box
25%
Strange Little Birds(2016) Night Drive Loneliness
25%
beautifulgarbage(2001) Nobody Loves You
25%
No Gods No Masters(Bonus)(2021) No Horses
25%
Garbage(1995) Not My Idea
25%
No Gods No Masters(Bonus)(2021) On Fire
25%
beautifulgarbage(2001) Parade
25%
Let All That We Imagine Be the Light(2025) Radical
25%
Lie to Me(2024) Revenge and Hurt
25%
Bleed Like Me(2005) Right Between the Eyes
25%
Let All That We Imagine Be the Light(2025) R U Happy Now
25%
Bleed Like Me(2005) Run Baby Run
25%
Bleed Like Me(2005) Sex Is Not the Enemy
25%
Not Your Kind of People(Bonus)(2012) Show Me
25%
beautifulgarbage(2001) Shut Your Mouth
25%
beautifulgarbage(2001) Silence is Golden
25%
Let All That We Imagine Be the Light(2025) Sisyphus
25%
beautifulgarbage(2001) So Like a Rose
25%
Strange Little Birds(2016) Sometimes
25%
Lie to Me(2024) Song to the Siren
25%
Strange Little Birds(2016) So We Can Stay Alive
25%
Version 2.0(1998) Special
25%
Not Your Kind of People(2012) Sugar
25%
Garbage(1995) Supervixen
25%
Strange Little Birds(2016) Teaching Little Fingers to Play
25%
Absolute Garbage(2007) Tell Me Where It Hurts
25%
No Gods No Masters(Bonus)(2021) The Chemicals
25%
No Gods No Masters(2021) The Creeps
25%
Let All That We Imagine Be the Light(2025) The Day That I Met God
25%
No Gods No Masters(2021) The Men Who Rule the World
25%
Not Your Kind of People(Bonus)(2012) The One
25%
Let All That We Imagine Be the Light(2025) There's No Future in Optimism
25%
Version 2.0(1998) The Trick Is to Keep Breathing
25%
No Gods No Masters(2021) This City Will Kill You
25%
beautifulgarbage(2001) Til the Day I Die
25%
No Gods No Masters(Bonus)(2021) Time Will Destroy Everything
25%
No Gods No Masters(2021) Uncomfortably Me
25%
beautifulgarbage(2001) Untouchable
25%
Garbage(1995) Vow
25%
No Gods No Masters(2021) Waiting for God
25%
Strange Little Birds(2016) We Never Tell
25%
Not Your Kind of People(Bonus)(2012) What Girls Are Made Of
25%
Bleed Like Me(2005) Why Don't You Come Over
25%
Bleed Like Me(2005) Why Do You Love Me
25%
No Gods No Masters(2021) Wolves
25%
Version 2.0(1998) You Look So Fine
25%
Version 2.0(Bonus)(2018) Afterglow
0%
Garbage(Bonus)(2015) Alien Sex Fiend
0%
beautifulgarbage(Bonus)(2021) April 10th
0%
beautifulgarbage(Bonus)(2021) Begging Bone
0%
Garbage(Bonus)(2015) Butterfly Collector
0%
beautifulgarbage(Bonus)(2021) Confidence
0%
Version 2.0(Bonus)(2018) Deadwood
0%
Version 2.0(Bonus)(2018) 13x Forever
0%
Garbage(Bonus)(2015) Driving Lesson
0%
Version 2.0(1998) Dumb
0%
Special Collection(2002) Enough Is Never Enough
0%
Version 2.0(Bonus)(2018) Get Busy With the Fizzy
0%
Garbage(Bonus)(2015) Girl Don't Come
0%
Version 2.0(1998) Hammering in My Head
0%
beautifulgarbage(Bonus)(2021) Happiness Pt. 2
0%
beautifulgarbage(Bonus)(2021) I'm Really Into Techno
0%
Version 2.0(Bonus)(2018) Lick the Pavement
0%
Version 2.0(1998) Medication
0%
beautifulgarbage(Bonus)(2021) Sex Never Goes Out of Fashion
0%
Garbage(Bonus)(2015) Sleep
0%
Version 2.0(1998) Sleep Together
0%
Version 2.0(Bonus)(2018) Soldier Through This
0%
Garbage(Bonus)(2015) Subhuman
0%
Version 2.0(1998) Temptation Waits
0%
Version 2.0(Bonus)(2018) Tornado
0%
Garbage(Bonus)(2015) Trip My Wire
0%
Special Collection(2002) Use Me
0%
Version 2.0(1998) Wicked Ways
0%
No matching quizzes found
Score Distribution
Percent of People with Each Score
Percentile by Number Answered
Your Score History
You have not taken this quiz since the last reset